Countries that Speak Italian - Statistics

General Stats
  • This quiz has been taken 329 times
  • The average score is 4 of 5
Answer Stats
Hint Answer % Correct
Europe Italy
99%
Europe Vatican City
96%
Europe San Marino
95%
Europe Switzerland
91%
Europe Croatia
47%
No matching quizzes found
Score Distribution
Percent of People with Each Score
Percentile by Number Answered
Your Score History
You have not taken this quiz